Paroles Un Matin de Mai Fleuri - Alice au pays des Merveilles - Statistiques

Statistiques générales
  • Ce quiz a été pris 2 fois
  • Le résultat moyen est 79 sur 126
Statistiques - réponses
Paroles % Correct
à
100%
beau
100%
ce
100%
de
100%
du
100%
En
100%
encore
100%
fleuri.
100%
La
100%
la
100%
Le
100%
le
100%
mai
100%
mai,
100%
matin
100%
sa
100%
se
100%
soleil
100%
Un
100%
aventureux,
50%
avis.
50%
avis,
50%
beauté
50%
blanche
50%
bon
50%
Car
50%
dansent
50%
d'entendre
50%
des
50%
endormi,
50%
est
50%
et
50%
Et
50%
fois
50%
Il
50%
les
50%
mille-pattes
50%
modestie,
50%
monde,
50%
Nos
50%
nos
50%
nous
50%
on
50%
papillon
50%
Fleurs Par
50%
pensées
50%
profondes,
50%
quelque
50%
s'embrassent,
50%
sommes
50%
sont
50%
très
50%
violette
50%
voisine
50%
voit
50%
volent,
50%
ailes
0%
corolles,
0%
délasse,
0%
d'or
0%
d'un
0%
ébouriffé
0%
entrouvrent
0%
feuille
0%
fleurs
0%
leurs
0%
lis
0%
milliers,
0%
moins
0%
narcisse
0%
pâquerette
0%
quelquefois
0%
ramper
0%
rêve
0%
sérieux.
0%
Sur
0%
Aucun quiz correspondant
Distribution des résultats
% des personnes avec chaque résultat
Percentile par nombre de réponses
Votre historique - résultats
Vous n’avez pas pris ce quiz